Största städerna på X i Asien, enligt bild - Statistics

General Stats
  • This quiz has been taken 2 times
  • The average score is 5 of 20
Answer Stats
Picture Hint Answer % Correct
🇨🇳 9 390 000 Xīān
100%
🇨🇳 4 620 000 Xiàmén (Amoy)
50%
🇨🇳 640 000 Xīchāng
50%
🇨🇳 1 010 000 Xìnyáng
50%
🇨🇳 720 000 Xīnyú
50%
🇨🇳 790 000 Xīnzhèng
50%
🇨🇳 850 000 Xǔchāng
50%
🇨🇳 2 850 000 Xúzhōu
50%
🇨🇳 980 000 Xiāngtán
0%
🇨🇳 1 690 000 Xiāngyáng (Xiāngfán)
0%
🇨🇳 750 000 Xiāntáo
0%
🇨🇳 1 190 000 Xiányáng
0%
🇨🇳 740 000 Xiàogǎn
0%
🇨🇳 650 000 Xīnghuà
0%
🇨🇳 1 480 000 Xíngtái
0%
🇨🇳 650 000 Xīngyì
0%
🇨🇳 1 680 000 Xīníng
0%
🇨🇳 770 000 Xīntài
0%
🇨🇳 1 270 000 Xīnxiāng
0%
🇨🇳 690 000 Xūanwēi
0%
No matching quizzes found
Score Distribution
Percent of People with Each Score
Percentile by Number Answered
Your Score History
You have not taken this quiz